Normal view
MARC view
Entry Personal Name
001 - CONTROL NUMBER
- control field: 27412
003 - CONTROL NUMBER IDENTIFIER
- control field: ARRUPE
005 - DATE AND TIME OF LATEST TRANSACTION
- control field: 20161110124219.0
008 - FIXED-LENGTH DATA ELEMENTS
- fixed length control field: 161110|| aca||aabn | a|a d
040 ## - CATALOGING SOURCE
- Original cataloging agency: ARRUPE
- Transcribing agency: ARRUPE
100 ## - HEADING--PERSONAL NAME
- Personal name: Tucker, Benjamin R.
670 ## - SOURCE DATA FOUND
- Source citation: Work cat.: (ARRUPE): Tucker, Benjamin R., State socialism and anarchism, 1972